=LDR 00000nam 2200000 4500 =001 INLIS000000000039634 =005 20130612145241 =008 ***********************************ind** =035 ##$$0010-061300000039634 =041 ##$$a ind =082 ##$$a 781.1 =090 ##$$a 781.1, She m =100 ##$$a Sheppard, Philip =245 ##$$a Musik MAkes Your Child Smarter, Peran musik dalam perkembangan Anak, Philip Sheppard =260 ##$$a 2007 $b Jakarta =300 ##$$a vi, 390 hlm, ilus, 23 cm =850 ##$$a NBPNMAT